Nakladanie s komunálnym odpadom v kontexte klimatických zmien

Klimatické dopady jednotlivých činností nakladania s odpadom vyjadrených v hierarchii odpadového hospodárstva. Realita komunálneho odpadového hospodárstva na Slovensku. Zahraničné prístupy k nakladaniu s komunálnym odpadom.

Salvato in:
Dettagli Bibliografici
Autore principale: Maslen, Michal
Natura: Capitolo di libro
Lingua:slovacco
Soggetti:
Tags: Aggiungi Tag
Nessun Tag, puoi essere il primo ad aggiungerne!!

MARC

LEADER 00000naa a2200000 4500
001 0280827
005 20240417075149.8
041 0 |a slo 
044 |a SK 
245 1 0 |a Nakladanie s komunálnym odpadom v kontexte klimatických zmien  |c Michal Maslen 
520 |a Klimatické dopady jednotlivých činností nakladania s odpadom vyjadrených v hierarchii odpadového hospodárstva. Realita komunálneho odpadového hospodárstva na Slovensku. Zahraničné prístupy k nakladaniu s komunálnym odpadom. 
610 2 0 |a hospodárstvo odpadové 
610 2 0 |a odpad komunálny 
610 2 0 |a zmeny klimatické 
610 2 0 |a skládky odpadu 
100 1 |a Maslen, Michal